| 000 | 00745cam a2200265 i 4500 | ||
|---|---|---|---|
| 005 | 20260322212028.0 | ||
| 008 | data | ||
| 010 | _a 78018493 | ||
| 020 | _a0397542208 | ||
| 020 | _a9780397542208 | ||
| 040 |
_aDLC _cDLC _dCtY-M |
||
| 050 | 0 |
_aRT81.5 _b.P64 |
|
| 060 | _aWY20.5 P796n | ||
| 096 | _aWY 20.5 P796n 1978 | ||
| 100 | 1 | _aPolit, Denise F. | |
| 245 | 1 | 0 |
_aNursing research : _bprinciples and methods / _cDenise F. Polit & Bernadette P. Hungler. |
| 260 | 0 |
_aPhiladelphia : _bLippincott, _cc1978. |
|
| 300 |
_axx, 663 p. : _bill. ; _c24 cm. |
||
| 504 | _aIncludes bibliographical references and index. | ||
| 650 | 0 |
_aNursing _xResearch. |
|
| 650 | 2 | _aNursing. | |
| 650 | 2 | _aResearch. | |
| 700 | 1 | _aHungler, Bernadette P. | |
| 001 | data | ||
| 999 |
_c640 _d640 |
||